000 00767cam a22001935a 4500
001 L141131
008 071030s1831 xxk eng u
035 _a(Sirsi) u141131
041 0 _aeng
110 2 _aGeorge Robins
245 0 0 _aPartiuclars and conditions of sale of a valuable property...adjoining the town of Buckingham...
_bthe estate will be sold by auction by Mr George Robins at the Auction Mart, opposite the Bank of England on Thursday the 11th of August 1831...
260 _aS.l.
_bs.n.
_c[1831]
300 _a3 leaves
_bmap
_c40 x 25 cm., folded to 25 x 10 cm.
340 _aPrinted
351 _cSingle item
651 4 _aBuckinghamshire
690 _aPROPERTY-PROPERTY ACQUISITION AND DISPOSAL-ACQUISITION AND DISPOSAL AT AUCTION
942 _n0
999 _c116611
_d116611